| 000 | 01466nam a22002417a 4500 | ||
|---|---|---|---|
| 999 |
_c63113 _d63113 |
||
| 003 | Ge_BSU | ||
| 005 | 20250604170116.0 | ||
| 008 | 250604s2012 ge ||||| |||| 00| 0 geo d | ||
| 020 | _a9789941439728 | ||
| 041 | _ageo | ||
| 080 | _a 51(075.8) მ-15 | ||
| 245 |
_aმათემატიკა : _b მე-12 კლ. სახელმძღვ. / _cგურამ გოგიშვილი, თეიმურაზ ვეფხვაძე, ია მებონია, ლამარა ქურჩიშვილი ; რედ. თეიმურაზ ვეფხვაძე. |
||
| 264 |
_aთბ. : _bინტელექტი, _c2012. |
||
| 300 |
_a400 გვ. ; _b27 სმ. |
||
| 500 | _aგრიფი მიენიჭა 2012 წელს სსიპ განათლების ხარისხის განვითარების ეროვნული ცენტრის (ბრძანება #375, 18.05 2012) მიერ | ||
| 653 | _a მათემატიკა | ||
| 700 |
_aგოგიშვილი, გ. _eავტორი _925250 |
||
| 700 |
_a ვეფხვაძე, თეიმურაზ _eავტორი _925251 |
||
| 700 |
_aმებონია, ია _eავტორი _925252 |
||
| 700 |
_aქურჩიშვილი, ლ. _eავტორი _925219 |
||
| 700 |
_aვეფხვაძე, თ. _e რედაქტორი _925253 |
||
| 942 |
_2udc _cᲬᲘᲒᲜᲘ |
||